000 01411nam a2200505Ia 4500
001 129495
003 220925
005 20240715174403.0
008 ||||||n9999 ||| || ||
082 _a972.03
100 _aHamnett, Brian R.
_9156198
245 0 _aRevolución y contrarrevolución en México y el Perú
_bliberales, realistas y separatistas, (1800-1824)
_cBrian R. Hamnett ; traducción de Roberto Gómez Ciriza
250 _aSegunda edición
504 _aIncluye bibliografía.
562 _e2
650 _aMEXICO--HISTORIA--REVOLUCION, 1800-1824
_9156199
650 _aMEXICO--HISTORIA--SIGLO XIX
_9156200
650 _aMEXICO--POLITICA Y GOBIERNO--SIGLO XIX
_9156201
650 _aPERU--HISTORIA--1800-1824
_9156202
650 _aPERU--POLITICA Y GOBIERNO--1820-1829
_9156203
650 _aSEPARATISMO--HISTORIA--MEXICO
_9156204
650 _aSEPARATISMO--HISTORIA--PERU
_9156205
942 _cBKM
999 _c129495
_d129495
526 _a
526 _a17598
526 _a102617
526 _a102618
526 _a15794
526 _a102619
526 _a1703
526 _a102620
526 _a10406
526 _a105630
526 _a1698
526 _a116204
526 _a51868
526 _a4969
526 _a19790
526 _a104436
526 _a5144
526 _a1697
526 _a3899
526 _a9683